<?xml version="1.0" encoding="UTF-8"?>
<marc:record xmlns:marc="http://www.loc.gov/MARC21/slim">
   <marc:leader>00000nam a2200000 a 4500</marc:leader>
   <marc:datafield ind1="1" ind2=" " tag="100">
      <marc:subfield code="a">Ruhland, Michael</marc:subfield>
      <marc:subfield code="4">aut</marc:subfield>
      <marc:subfield code="e">Verfasser/-in</marc:subfield>
   </marc:datafield>
   <marc:datafield ind1=" " ind2=" " tag="653">
      <marc:subfield code="a">Biographie</marc:subfield>
   </marc:datafield>
   <marc:datafield ind1=" " ind2=" " tag="653">
      <marc:subfield code="a">Bergsteigen</marc:subfield>
   </marc:datafield>
   <marc:datafield ind1=" " ind2=" " tag="653">
      <marc:subfield code="a">Berg</marc:subfield>
   </marc:datafield>
   <marc:datafield ind1="0" ind2="0" tag="245">
      <marc:subfield code="a">Bergmenschen</marc:subfield>
   </marc:datafield>
   <marc:datafield ind1="0" ind2="0" tag="245">
      <marc:subfield code="b">30 Ikonen der Bergwelt über Wagnis, Liebe und Demut.</marc:subfield>
   </marc:datafield>
   <marc:datafield ind1=" " ind2="1" tag="264">
      <marc:subfield code="b">Frederking &amp; Thaler</marc:subfield>
      <marc:subfield code="c">2020</marc:subfield>
   </marc:datafield>
   <marc:datafield ind1="1" ind2=" " tag="520">
      <marc:subfield code="a">Was haben Reinhold Messner, Gerlinde Kaltenbrunner und Rufus Beck gemeinsam? Sie alle sind passionierte Bergmenschen. Unabhängig davon, ob die Bergwelt ihr beruflicher Lebensinhalt ist oder sie ihr quasi »nebenbei« verfallen sind. Bergsteiger-Chefredakteur Michael Ruhland hat 30 Bergmenschen getroffen und sehr persönliche Gespräche über ihre Bergsucht geführt. Unterhaltsame, eindringliche und bewegende Interviews, bereichert durch außergewöhnliche Porträtfotos.</marc:subfield>
   </marc:datafield>
   <marc:datafield ind1=" " ind2=" " tag="020">
      <marc:subfield code="a">9783954162345</marc:subfield>
      <marc:subfield code="9">9783954162345</marc:subfield>
   </marc:datafield>
</marc:record>
